Statistics for Guess the Taylor Swift song no hints #43

Click here to take the quiz!

General Stats

  • This quiz has been taken 50 times
  • The average score is 351 of 439

Answer Stats

Answer% Correct
I
100%
the
100%
The
100%
we
100%
We
100%
a
98%
You
98%
you
98%
an
95%
In
95%
in
95%
my
95%
on
95%
On
95%
your
95%
And
93%
and
93%
me
93%
When
93%
be
90%
I'm
90%
is
90%
It
90%
of
90%
Of
90%
that
90%
That
90%
time
90%
like
88%
to
88%
with
88%
by
86%
for
86%
If
86%
if
86%
just
86%
Our
86%
our
86%
they
86%
this
86%
were
86%
all
83%
But
83%
had
83%
One
83%
said
83%
life
81%
mind
81%
off
81%
them
81%
us
81%
will
81%
Will
81%
back
79%
Cause
79%
day
79%
never
79%
was
79%
would
79%
are
76%
How
76%
how
76%
long
76%
Long
76%
not
76%
got
74%
knew
74%
live
74%
moment
74%
there
74%
through
74%
up
74%
went
74%
you'll
74%
have
71%
look
71%
now
71%
remember
71%
screaming
71%
Screaming
71%
should
71%
walls
71%
crashed
69%
crowds
69%
dragons
69%
end
69%
fighting
69%
hands
69%
head
69%
made
69%
night
69%
shine
69%
stand
69%
start
69%
tell
69%
Tell
69%
wild
69%
age
67%
face
67%
Hold
67%
lights
67%
shined
67%
stood
67%
world
67%
decade
64%
feeling
64%
held
64%
kingdom
64%
name
64%
pictures
64%
queens
64%
read
64%
remembered
64%
same
64%
absurd
62%
book
62%
bring
62%
forever
62%
God
62%
history
62%
into
62%
kings
62%
magic
62%
page
62%
Promise
62%
stands
62%
take
62%
these
62%
around
60%
baseball
60%
cap
60%
children
60%
crown
60%
hero
60%
hope
60%
jeans
60%
lives
60%
pretenders
60%
rule
60%
shaking
60%
mountains
57%
Please
57%
point
57%
right
57%
someday
57%
town
57%
traded
57%
fall
55%
forbid
55%
gave
55%
memories
55%
moved
55%
pass
55%
afraid
52%
band
52%
falls
52%
fate
52%
force
52%
ground
52%
outraged
52%
ripped-up
52%
spinning
52%
step
52%
thieves
52%
wishing
52%
Confetti
50%
cynics
50%
goodbye
50%
trophies
50%
danced
45%
side-lines
45%
break
40%
May
36%
years
33%
Singing
29%
moutains
10%

Score Distribution

Percentile by Number Answered

Percent of People with Each Score

Your Score History

You have not taken this quiz